| 000 -LEADER |
| fixed length control field |
00430nam a22001577a 4500 |
| 020 ## - INTERNATIONAL STANDARD BOOK NUMBER |
| International Standard Book Number |
9781445607696 |
| 082 ## - DEWEY DECIMAL CLASSIFICATION NUMBER |
| Classification number |
822.33 |
| Item number |
NIC/H |
| 100 ## - MAIN ENTRY--PERSONAL NAME |
| Personal name |
Nicholas Fogg |
| 9 (RLIN) |
44647 |
| 245 ## - TITLE STATEMENT |
| Title |
Hidden Shakespeare: |
| Remainder of title |
a biography/ |
| Statement of responsibility, etc. |
by Nicholas Fogg |
| 260 ## - PUBLICATION, DISTRIBUTION, ETC. |
| Place of publication, distribution, etc. |
UK: |
| Name of publisher, distributor, etc. |
Amberley Publishing, |
| Date of publication, distribution, etc. |
2012. |
| 300 ## - PHYSICAL DESCRIPTION |
| Extent |
320p. |
| 650 ## - SUBJECT ADDED ENTRY--TOPICAL TERM |
| Topical term or geographic name entry element |
Shakepeare Biography |
| 9 (RLIN) |
44648 |
| 650 ## - SUBJECT ADDED ENTRY--TOPICAL TERM |
| Topical term or geographic name entry element |
Literature English |
| 9 (RLIN) |
44649 |
| 650 ## - SUBJECT ADDED ENTRY--TOPICAL TERM |
| Topical term or geographic name entry element |
Literature |
| 9 (RLIN) |
44650 |
| 942 ## - ADDED ENTRY ELEMENTS (KOHA) |
| Koha item type |
Book |